|
|
|
|
| LEADER |
03573nam a22005655i 4500 |
| 001 |
978-3-642-13464-7 |
| 003 |
DE-He213 |
| 005 |
20151116135613.0 |
| 007 |
cr nn 008mamaa |
| 008 |
100607s2010 gw | s |||| 0|eng d |
| 020 |
|
|
|a 9783642134647
|9 978-3-642-13464-7
|
| 024 |
7 |
|
|a 10.1007/978-3-642-13464-7
|2 doi
|
| 040 |
|
|
|d GrThAP
|
| 050 |
|
4 |
|a TK5105.5-5105.9
|
| 072 |
|
7 |
|a UKN
|2 bicssc
|
| 072 |
|
7 |
|a COM075000
|2 bisacsh
|
| 082 |
0 |
4 |
|a 004.6
|2 23
|
| 245 |
1 |
0 |
|a Formal Techniques for Distributed Systems
|h [electronic resource] :
|b Joint 12th IFIP WG 6.1 International Conference, FMOODS 2010 and 30th IFIP WG 6.1 International Conference, FORTE 2010, Amsterdam, The Netherlands, June 7-9, 2010. Proceedings /
|c edited by John Hatcliff, Elena Zucca.
|
| 264 |
|
1 |
|a Berlin, Heidelberg :
|b Springer Berlin Heidelberg,
|c 2010.
|
| 300 |
|
|
|a XII, 233 p. 40 illus.
|b online resource.
|
| 336 |
|
|
|a text
|b txt
|2 rdacontent
|
| 337 |
|
|
|a computer
|b c
|2 rdamedia
|
| 338 |
|
|
|a online resource
|b cr
|2 rdacarrier
|
| 347 |
|
|
|a text file
|b PDF
|2 rda
|
| 490 |
1 |
|
|a Lecture Notes in Computer Science,
|x 0302-9743 ;
|v 6117
|
| 505 |
0 |
|
|a Invited Talk -- Formal Software Verification: How Close Are We? -- Formal UML Modeling -- Exploiting the Hierarchical Structure of Rule-Based Specifications for Decision Planning -- Reactive Semantics for Distributed UML Activities -- Components and Architecture -- Statistical Abstraction and Model-Checking of Large Heterogeneous Systems -- Formal Semantics and Analysis of Behavioral AADL Models in Real-Time Maude -- Testing Probabilistic Distributed Systems -- Specification and Testing of E-Commerce Agents Described by Using UIOLTSs -- Testing Attribute-Based Transactions in SOC -- Joint DisCoTec Session -- Grouping Nodes in Wireless Sensor Networks Using Coalitional Game Theory -- Timed Process Algebra -- Forgetting the Time in Timed Process Algebra -- Theory and Implementation of a Real-Time Extension to the ?-Calculus -- Timed and Hybrid Automata -- Fuzzy-Timed Automata -- Model Checking of Hybrid Systems Using Shallow Synchronization -- Program Logics and Analysis -- Heap-Dependent Expressions in Separation Logic -- Static Type Analysis of Pattern Matching by Abstract Interpretation -- Reasoning about Distributed Systems -- On-the-Fly Trace Generation and Textual Trace Analysis and Their Applications to the Analysis of Cryptographic Protocols -- On Efficient Models for Model Checking Message-Passing Distributed Protocols -- Logics for Contravariant Simulations.
|
| 650 |
|
0 |
|a Computer science.
|
| 650 |
|
0 |
|a Computer communication systems.
|
| 650 |
|
0 |
|a Computer programming.
|
| 650 |
|
0 |
|a Software engineering.
|
| 650 |
|
0 |
|a Programming languages (Electronic computers).
|
| 650 |
|
0 |
|a Computer logic.
|
| 650 |
|
0 |
|a Mathematical logic.
|
| 650 |
1 |
4 |
|a Computer Science.
|
| 650 |
2 |
4 |
|a Computer Communication Networks.
|
| 650 |
2 |
4 |
|a Programming Techniques.
|
| 650 |
2 |
4 |
|a Software Engineering.
|
| 650 |
2 |
4 |
|a Programming Languages, Compilers, Interpreters.
|
| 650 |
2 |
4 |
|a Logics and Meanings of Programs.
|
| 650 |
2 |
4 |
|a Mathematical Logic and Formal Languages.
|
| 700 |
1 |
|
|a Hatcliff, John.
|e editor.
|
| 700 |
1 |
|
|a Zucca, Elena.
|e editor.
|
| 710 |
2 |
|
|a SpringerLink (Online service)
|
| 773 |
0 |
|
|t Springer eBooks
|
| 776 |
0 |
8 |
|i Printed edition:
|z 9783642134630
|
| 830 |
|
0 |
|a Lecture Notes in Computer Science,
|x 0302-9743 ;
|v 6117
|
| 856 |
4 |
0 |
|u http://dx.doi.org/10.1007/978-3-642-13464-7
|z Full Text via HEAL-Link
|
| 912 |
|
|
|a ZDB-2-SCS
|
| 912 |
|
|
|a ZDB-2-LNC
|
| 950 |
|
|
|a Computer Science (Springer-11645)
|